LEADER 01055cam0-22003491i-450- 001 990000753120403321 005 20140417122123.0 035 $a000075312 035 $aFED01000075312 035 $a(Aleph)000075312FED01 035 $a000075312 100 $a20020821d1956----km-y0itay50------ba 101 0 $aita 102 $aIT 105 $ay-------001yy 200 1 $a<>scenografia nel film$fantologia a cura di Mario Verdone 210 $aRoma$cEdizioni dell'Ateneo$d1956 215 $a176 p.$c64 ill.$d24 cm 225 1 $aQuaderni della Mostra internazionale d'arte cinematografica di Venezia 610 0 $aScenografia cinematografica 676 $a751.75$v21$zita 700 1$aVerdone,$bMario$f<1917-2009>$037481 801 0$aIT$bUNINA$gRICA$2UNIMARC 901 $aBK 912 $a990000753120403321 952 $a751.75 VER 1 BIS$bDFM.2055$fNAP03 952 $a751.75 VER 1$bST.ARTE 4151$fFLFBC 952 $aSCEN B 8$b4595$fFARBC 959 $aFARBC 959 $aFLFBC 996 $aScenografia nel film$9320958 997 $aUNINA LEADER 01383nam--2200409---450- 001 990002849370203316 005 20070103085626.0 010 $a88-8090-216-4 035 $a000284937 035 $aUSA01000284937 035 $a(ALEPH)000284937USA01 035 $a000284937 100 $a20070102h2005----km-y0itay50------ba 101 $aita 102 $aIT 105 $a||||||||001yy 200 1 $aSorrento sacra e Sorrento illustre$eepitome della storia sorrentina$fpel P. Bonaventura da Sorrento 205 $aRist. anast. 210 $aCastellammare di Stabia$cN. Longobardi$dcopyr. 2005 215 $a120 p.$d24 cm 225 2 $aBiblioteca storica sorrentina$v1 300 $aRipr. facs. dell'ed.: S. Agnello di Sorrento : tip. all'insegna di S. Francesco d'Assisi, 1877 410 0$12001$aBiblioteca storica sorrentina$v1 607 $aSorrento$xStoria 676 $a945.7386 700 1$aGARGIULO,$bBonaventura$0595475 801 0$aIT$bsalbc$gISBD 912 $a990002849370203316 951 $aXV.1.C. 127(V G 1270)$b186562 L.M.$cXV.1.C.$d00119523 959 $aBK 969 $aUMA 979 $aIANNONE$b90$c20070102$lUSA01$h1302 979 $aIANNONE$b90$c20070102$lUSA01$h1309 979 $aIANNONE$b90$c20070103$lUSA01$h0852 979 $aIANNONE$b90$c20070103$lUSA01$h0856 996 $aSorrento sacra e Sorrento illustre$9992273 997 $aUNISA